| 000 | 00901nac a22002411u 4500 | ||
|---|---|---|---|
| 010 | _a 2005010565 | ||
| 020 | _a0446695548 | ||
| 082 | 0 | 0 |
_a658.452 _bW8148 |
| 090 |
_c2514 _d2514 |
||
| 100 | _aWiskup, Mark. | ||
| 245 | 1 | 0 |
_aPresentation S.O.S. : _bfrom perspiration to persuasion in 9 easy steps / _cMark Wiskup. |
| 246 | 3 | 0 | _aPersuasion in 9 easy steps |
| 260 |
_aNew York : _bWarner Business, _c2005. |
||
| 300 |
_ax, 181 p. ; _c21 cm. |
||
| 500 | _aShuaa. | ||
| 650 | 0 | _aBusiness presentations. | |
| 650 | 0 | _aOral communication. | |
| 650 | 0 | _aPublic speaking. | |
| 650 | 0 | _aPersuasion (Psychology) | |
| 856 | 4 | 1 |
_3Table of contents _uhttp://www.loc.gov/catdir/toc/ecip0511/2005010565.html |
| 942 |
_cBB _k658.452 W8148 |
||
| 999 |
_c2514 _d2514 |
||